Hedina válka /
Román inspirovaný skutečnými událostmi vypráví příběh Hedy, židovské dívky, která se během války snaží přežít na Němci okupovaném ostrově Jersey.
Uloženo v:
| Hlavní autor: | |
|---|---|
| Další autoři: | |
| Médium: | Kniha |
| Jazyk: | Czech |
| Vydáno: |
Brno :
MOBA,
2022
|
| Vydání: | Vydání první |
| Témata: | |
| Celkem bylo vypůjčeno: | 13x |
| Tagy: |
Žádné tagy |
| LEADER | 02443nam a2200469 i 4500 | ||
|---|---|---|---|
| 001 | 98670 | ||
| 003 | CZ PrSKC | ||
| 005 | 20221110080525.0 | ||
| 007 | ta | ||
| 008 | 221031s2022 xr g 000 f cze | ||
| 015 | |a cnb003417702 | ||
| 020 | |a 9788027904495 |q (vázáno) | ||
| 040 | |a ABG001 |b cze |e rda | ||
| 041 | 1 | |a cze |h eng | |
| 072 | 7 | |a 821.111-3 |x Anglická próza, anglicky psaná |2 Konspekt |9 25 | |
| 080 | |a 821(410)-31 |2 MRF | ||
| 080 | |a 94(100)"1939/1945" |2 MRF | ||
| 080 | |a 323.12"1939/1945" |2 MRF | ||
| 080 | |a (0:82-31)-055.2 |2 MRF | ||
| 100 | 1 | |a Lecoat, Jenny |7 xx0278130 |4 aut |9 113689 | |
| 240 | 1 | 0 | |a Hedy's war. |l Česky |
| 245 | 1 | 0 | |a Hedina válka / |c Jenny Lecoat ; překlad Kristina Himmerová |
| 250 | |a Vydání první | ||
| 264 | 1 | |a Brno : |b MOBA, |c 2022 | |
| 300 | |a 303 stran ; |c 21 cm | ||
| 336 | |a text |b txt |2 rdacontent | ||
| 337 | |a bez média |b n |2 rdamedia | ||
| 338 | |a svazek |b nc |2 rdacarrier | ||
| 500 | |a Přeloženo z angličtiny | ||
| 520 | 2 | |a Román inspirovaný skutečnými událostmi vypráví příběh Hedy, židovské dívky, která se během války snaží přežít na Němci okupovaném ostrově Jersey. |b Hedy, mladá Židovka, jež utekla z Vídně na malinký ostrov Jersey nedaleko francouzského pobřeží, opět čelí nacistickému útlaku. Rozhodne se zatajit svůj původ a z nouze přijme místo překladatelky v německém vojenském táboře, kde si vymyslí svou vlastní formu odboje proti okupantům. Navzdory všemu se zamiluje do německého důstojníka a z pouhého románku se záhy vyvine vážný vztah, na němž začne záviset její život. Hedy a jejího milého však podezřívá tajná policie, a tak jsou oba nuceni podnikat čím dál zoufalejší kroky, aby unikli zajetí a přežili válku. Nakladatelská anotace. | |
| 650 | 0 | 7 | |a druhá světová válka (1939-1945) |7 ph117270 |2 czenas |9 1065 |
| 650 | 0 | 7 | |a holocaust (1939-1945) |7 ph117203 |2 czenas |9 1361 |
| 650 | 9 | |a World War (1939-1945) |2 eczenas | |
| 655 | 7 | |a britské romány |7 fd131870 |2 czenas |9 53473 | |
| 655 | 7 | |a romány pro ženy |7 fd187897 |2 czenas | |
| 655 | 9 | |a British fiction |2 eczenas | |
| 655 | 9 | |a women's novels |2 eczenas | |
| 700 | 1 | |a Himmerová, Kristina |7 mzk20191033363 |4 trl |9 110712 | |
| 910 | |a UOG502 | ||
| 942 | |2 ddc |c KN | ||
| 999 | |d 98670 | ||
| 993 | |0 0 |1 421180099056 |2 ddc |4 0 |7 0 |9 88485 |b 0 |c 99056 |d 2022-11-10 |e 13 |f DOSP |h 339.00 |i Koupě |l DOSP |m 9 |r 2025-05-14 |s 2025-02-27 |t 6 |w 2022-11-10 |y KN |z BELET | ||